000 00624nam a22001817a 4500
999 _c178154
_d178154
005 20210318171304.0
010 _aENG-129249
020 _a9788194738886
_c750.00
035 _aEN-112781
037 _bDBAD/PUB
082 _a378.00285
245 _aDigital Doctrina :
_cedited by S. Anbalagan
_bA Swift from Conventional Learning to virtual learning/
260 _bKrishna Publication House
_aGujarat
_c2020
270 _aNo. 303, Yash Kunj Apartment, Devbaug, Anantwadi, Bhavnagar
_bGujarat
_e364002
300 _av+187p.
_c22cm(pbk)
700 _aAnbalagan, S. ed.
942 _2ddc
_cEN
_h378.00285
_mDIG